Vincitori Superlega pallavolo maschile - Statistics

Statistiche generali
  • Questo quiz è stato fatto 53 volte
    8 dall'ultimo reset
  • Il punteggio medio è 61 su 79
Statistiche sulle risposte
Stagione Squadra vincitrice % Corretto
1976-77 Federlazio Roma
100%
1999-00 Roma
100%
2017-18 Sir Safety Perugia
100%
2023-24 Sir Safety Perugia
100%
1957 Avia Pervia Modena
83%
1959 Avia Pervia Modena
83%
1960 Avia Pervia Modena
83%
1962 Avia Pervia Modena
83%
1962-63 Avia Pervia Modena
83%
1994-95 Daytona
83%
1996-97 Daytona
83%
2001-02 Daytona
83%
2005-06 Lube
83%
2011-12 Lube
83%
2013-14 Lube
83%
2016-17 Lube
83%
2018-19 Lube
83%
2020-21 Lube
83%
2021-22 Lube
83%
1953 Minelli Modena
83%
1954 Minelli Modena
83%
1955 Minelli Modena
83%
2015-16 Modena
83%
1969-70 Panini
83%
1971-72 Panini
83%
1973-74 Panini
83%
1975-76 Panini
83%
1985-86 Panini
83%
1986-87 Panini
83%
1987-88 Panini
83%
1988-89 Panini
83%
1989-90 Parma
83%
1978-79 Torino
83%
1979-80 Torino
83%
1980-81 Torino
83%
1983-84 Torino
83%
2007-08 Trentino
83%
2010-11 Trentino
83%
2012-13 Trentino
83%
2014-15 Trentino
83%
2022-23 Trentino
83%
2024-25 Trentino
83%
1993-94 Treviso
83%
1995-96 Treviso
83%
1997-98 Treviso
83%
1998-99 Treviso
83%
2000-01 Treviso
83%
2002-03 Treviso
83%
2003-04 Treviso
83%
2004-05 Treviso
83%
2006-07 Treviso
83%
1956 Villa d'Oro
83%
1958 Villa d'Oro
83%
1961 Villa d'Oro
83%
1965-66 Virtus Bologna
83%
1966-67 Virtus Bologna
83%
1984-85 Zinella Bologna
83%
2008-09 Piacenza
67%
1990-91 Porto Ravenna
67%
1946 Robur Ravenna
67%
1947 Robur Ravenna
67%
1948 Robur Ravenna
67%
1949 Robur Ravenna
67%
1952 Robur Ravenna
67%
1963-64 Ruini
67%
1964-65 Ruini
67%
1967-68 Ruini
67%
1970-71 Ruini
67%
1972-73 Ruini
67%
1950 Parma
50%
1951 Parma
50%
1968-69 Parma
50%
1981-82 Parma
50%
1982-83 Parma
50%
1991-92 Parma
50%
1992-93 Parma
50%
2009-10 Piemonte
50%
1974-75 Ariccia Volley Club
17%
1977-78 Catania
17%
Nessun quiz corrispondente trovato
Distribuzione punteggi
Percentuale di utenti per punteggio
Percentile per numero di risposta
I tuoi punteggi nel tempo
Non hai fatto questo quiz dall'ultimo reset